Lập trình hướng đối tượng với C++

Gardado en:
Detalles Bibliográficos
Autor Principal: Nguyễn Thanh Thủy
Formato: Libro
Idioma:Undetermined
Publicado: Hà Nội KHKT 1999
Những chủ đề:
Các nhãn: Engadir etiqueta
Sen Etiquetas, Sexa o primeiro en etiquetar este rexistro!
Thư viện lưu trữ: Trung tâm Học liệu Trường Đại học Cần Thơ
LEADER 00598nam a2200169Ia 4500
001 CTU_36144
008 210402s9999 xx 000 0 und d
082 |a 005.133 
082 |b Th523 
100 |a Nguyễn Thanh Thủy 
245 0 |a Lập trình hướng đối tượng với C++ 
245 0 |c Nguyễn Thanh Thủy, Lê Đăng Hưng, Nguyễn Hữu Đức, Tạ Tuấn Anh 
260 |a Hà Nội 
260 |b KHKT 
260 |c 1999 
650 |a c++ ( computer program language ),software engineering 
980 |a Trung tâm Học liệu Trường Đại học Cần Thơ